Регионална библиотека "Любен Каравелов" - Русе

Лъвът на кръвното отмъщение (Запис номер 14044)

MARC детайли
000 -Лидер
Контролно поле с фиксирана дължина 01204nam a2200313 c 4500
003 - Код на организацията, давaща контролен номер
Контролно поле BLK
005 - Дата и час на последна редакция
Контролно поле 20180422094529.0
008 - Елементи от данни с фиксирана дължина
fixed length control field 180412b bul|||||r ||||||| ||bul||
010 ## - Наследен системен номер
LC control number KNG00015737000
020 ## - Международен стандартен номер на книга ISBN
Международен стандартен номер на книга ISBN 954-17-0147-7
-- издат.: Калпазанов
040 ## - Източник на каталожния запис
Идентификатор на билиотеката - собственик на записа BLK
041 ## - Код за език
Код за езика на текст/звукозапис или на отделно заглавие Български
Код за езика КДБФ Български
080 ## - УДК
Текстов определител УДК Немска литература
УДК код - определител по УДК 821.112.2
УДК определител -93-31
УДК - код + определител 821.112.2-93-31
100 1# - Редна дума - Автор
Автор Май, Карл
Авторска отговорност първи автор
R(LIN) 241916
139 ## - Редно поле
Редна дума Май, Карл
Авторски знак Mae - M 16
245 10 - Сведения за заглавието
Заглавие Лъвът на кръвното отмъщение
Подзаглавни данни [Роман за юноши]
Редно поле (дума) Карл Май; прев. от нем. Любомир Спасов.
257 ## - Страна на издаване
Страна на създаване/издаване Германия
260 ## - Област на издателските данни
-- Габрово
Име на издателя, разпространителя и проч. Калпазанов
Година на издаване 1996
Печатница В. Търново : Абагар
300 ## - Физическа характеристика
Страници 383 с.
Размери/Мащаб 20 см
380 ## - Жанр
Жанр Детска худож. лит.
500 ## - Общи забележки
Забележка Прев. е направен от Der Lowe de Blutrache, Bd. 26 / Karl May. - 3 000 тир.
653 ## - Ключова дума – ненормативна
Ключова дума романи
700 1# - Други автори (авторска отговорност)
Лично име Спасов, Любомир
Автороска отговорност (Описва отношението между автора и произведението) прев. от нем.
9 (RLIN) 363570
852 ## - Местоположение
Форматна сигнатура Цб 190691
856 4# - Електронен адрес и достъп
Електронен формат pdf - файл
Път до файла /url/
856 4# - Електронен адрес и достъп
Електронен формат pdf - файл
Път до файла /url/
942 ## - АРТИКУЛИ
Вид на библиотечния материал Книги
Скрит в OPAC Не
944 ## - СЪЗДАВАНЕ И РЕДАКЦИЯ на ЗАПИСА
Създаване/Редакция Създаване
Дата на регистрацията/редакция 15.01.2003
Статус, дата на статуса ф /
Служител, извършил регистрацията/редакцията Виолета_Тройчева
944 ## - СЪЗДАВАНЕ И РЕДАКЦИЯ на ЗАПИСА
Създаване/Редакция Редакция
Дата на регистрацията/редакция 18.02.2011
Статус, дата на статуса ф /
Служител, извършил регистрацията/редакцията
999 ## - СИСТЕМНИ КОНТРОЛНИ НОМЕРА
Koha biblionumber 14044
Koha biblioitemnumber 14044
Наличности
Код за отписване Код за изгубен артикул Код за повреда Коз за рестрикции Код за отдаване Артикулен № Име на библиотеката - собственик Име на библиотеката, в която се намира в момента Статус (Текущо местоположение) Дата на вписване в системата Местоположение - отдел Цена в лева Инвентарен номер Систематично азбучна сигнатура Баркод Номер на екземпляра Цена в евро Служебна бележка Служебен тип на артикула Бележка за публиката Източник на класификационната схема
Изтеглен Не е изгубен Не е повреден без рестрикции заемане за дома 24093 Регионална библиотека "Любен Каравелов" Русе Регионална библиотека "Любен Каравелов" Русе   2001-01-01 Детски отдел 1.92 627314 ДХ 820/899/М 16 627314 1 0.98 Дост: Pk Вид: Ф N: стар фонд Дата: 01.01.1996 Дата инв: 12.09.2015 Бележки инв: Д2015 Книги Отч.N: 48/17 , Дата: 06.10.2017  
Изтеглен Не е изгубен Не е повреден без рестрикции заемане за дома 24094 Регионална библиотека "Любен Каравелов" Русе Регионална библиотека "Любен Каравелов" Русе   2001-01-01 Детски отдел 1.92 627315 ДХ 820/899/М 16 627315 2 0.98 Дост: Pk Вид: Ф N: стар фонд Дата: 01.01.1996 Дата инв: 12.09.2015 Бележки инв: Д2015 Книги Отч.N: 48/17 , Дата: 06.10.2017  
  Не е изгубен Не е повреден без рестрикции заемане за дома 24095 Регионална библиотека "Любен Каравелов" Русе Регионална библиотека "Любен Каравелов" Русе Детски отдел 2001-01-01 Детски отдел 1.92 627317 ДХ 820/899/М 16 120000627317 3 0.98 Дост: Pk Вид: Ф N: стар фонд Дата: 01.01.1996 Дата инв: 12.09.2015 Бележки инв: Д2015 Книги   Universal Decimal Classification
  Не е изгубен Не е повреден без рестрикции ползва се в читалня 24096 Регионална библиотека "Любен Каравелов" Русе Регионална библиотека "Любен Каравелов" Русе Хранилище 2001-01-01 Хранилище 0.32 628829 Цб 190691 120000628829 4 0.16 Дост: Dp Вид: Д N: стар фонд Дата: 01.01.1996 Книги   Universal Decimal Classification
Vip Innovations Ltd, Rousse, Bulgaria 2025